00505nam a2200133Ia 4500082001200000100001600012245012300028260003300151300002100184650003300205650006100238650005400299710001800353 aTR.0277 aRaj, Aparna 0aIndustrial relations in public sector enterprises in India : A special study of public sector units in Naini Allahabad c1993bBundelkhand University a327p. + C D - 32 aINDUSTRIAL RELATIONS - INDIA aINDUSTRIAL RELATIONS - UTTAR PRADESH - ALLAHABAD - NAINI aPUBLIC SECTOR - UTTAR PRADESH - ALLAHABAD - NAINI aAgrawal, D.C.